Weird City Names - Sudden Death! - Statistics

General Stats
  • This quiz has been taken 201 times
    175 since last reset
  • The average score is 4 of 18
Answers on the Grid
Answers color-coded by a green-red scale on the quiz's grid according to % correct below.
Hell
Soda Springs
Truth or Consequences
Bitter End
Center of the World
Cut and Shoot
Boring
Y
Accident
Weed
No Name
Loading
Orb
Psychopath
Apocalypse
Screenshot
Uncertain
Hazard
Shoulderblade
Sushitopolis
Scratch and Sniff
Dynamite
Void
Hashtag Heights
Hexxanachy
JetPunk
Shredded Lettuce
TikTok
Spa
Quelf
No
Yggdrasil
 
Answer Stats
Answer % Correct
Hell
46%
Truth or Consequences
34%
Y
34%
Soda Springs
33%
Boring
31%
Spa
31%
Weed
24%
Hazard
23%
Accident
22%
No Name
20%
No
13%
Center of the World
12%
Bitter End
11%
Dynamite
11%
Cut and Shoot
9%
Uncertain
8%
Shoulderblade
6%
Scratch and Sniff
2%
No matching quizzes found
Score Distribution
Percent of People with Each Score
Percentile by Number Answered
Your Score History
You have not taken this quiz since the last reset